000 00426nam a2200169Ia 4500
008 230524s9999 xx 000 0 und d
020 _a8120321928
082 _a621.3804
_bSIN
100 _aS.N.Singh
245 0 _aElectric Power Generation Transmission and Distribution
250 _a1ST
260 _aNEW DELHI
_bPHI
_c2005
300 _aXV;406
500 _aQuantity Number: 22
650 _aElectrical
942 _cBK
999 _c30712
_d30712